Rusa masuk kampung

Bibliographic Details
Main Author: M. Salleh Mahyat
Format: Book
Published: Selangor : Hasrat Murni , 2004
Series:Siri menyelami cabaran
Subjects:

MARC

LEADER 00000cam a2200000 7i4500
001 0000000925
005 20151222.0
008 070704
020 |a 9832612810 
090 0 0 |a JF   |b MAL (963) 
100 0 |a M. Salleh Mahyat 
245 1 0 |a Rusa masuk kampung   |c M. Salleh Mahyat 
260 |a Selangor :   |b Hasrat Murni ,   |c 2004 
440 |a Siri menyelami cabaran 
500 |a Children ages 7-9 years old (orange) 
650 0 |a Malay fiction 
999 |a 0000956300   |b Book   |c Children Collection   |e Cawangan Taman Universiti 
999 |a 0000956301   |b Book   |c Children Collection   |e Perbadanan Perpustakaan Awam Johor 
999 |a 0000956302   |b Book   |c Children Collection   |e Cawangan Muar 
999 |a 0000956303   |b Book   |c Children Collection   |e Cawangan Bandar Tenggara 
999 |a 0000956304   |b Book   |c Children Collection   |e Perbadanan Perpustakaan Awam Johor